| 000 | 00520nam a2200205 a 4500 | ||
|---|---|---|---|
| 001 | 105 | ||
| 003 | CO-ViMGA | ||
| 008 | 141112s2004 ck r 000 u spa d | ||
| 040 |
_aCO-ViMGA _bspa _cCO-ViMGA |
||
| 082 | 0 | 4 | _aCo863.5 S45d3 |
| 100 | 1 | _aSilva, Jose Asunción | |
| 245 | 1 | 0 |
_aDe sobremesa / _cJose Asunciòn Silva |
| 250 | _a2 | ||
| 260 |
_aBogotá : _bAncora, _c1993 |
||
| 300 | _a224 p | ||
| 590 | _aEjemplares : 2 | ||
| 650 | 1 | 4 | _aAVENTURAS - NOVELA |
| 650 | 1 | 4 |
_aNOVELA COLOMBIANA _91193 |
| 942 |
_2ddc _cBK |
||
| 999 |
_c12357 _d12357 |
||